Geography Quiz

Random Geography or World Quiz

Oil Producing Countries Quiz Stats

 Plays Quiz Updated Nov 30, 2017

Score 0/25 Timer 06:00
12 Plays Today
Rank Country % Correct
3.United States
97.8%
7.Iran
95%
5.Iraq
94.7%
2.Saudi Arabia
94.5%
1.Russia
92.6%
4.China
87.9%
6.Canada
87.2%
13.Mexico
82%
11.Brazil
78.8%
8.United Arab Emirates
77.6%
24.India
75.8%
21.United Kingdom
75.3%
9.Kuwait
73.1%
Rank Country % Correct
10.Venezuela
69.5%
19.Colombia
64.1%
17.Qatar
61.3%
16.Norway
57.3%
25.Libya
54.5%
23.Indonesia
54.4%
12.Nigeria
54.3%
18.Algeria
48%
15.Kazakhstan
46.8%
20.Oman
35.4%
22.Azerbaijan
26.9%
14.Angola
24.9%

You're not logged in!

Compare scores with friends on all Sporcle quizzes.
OR
Log In

Sporcle TV

Today on Sporcle TV


Watch our educational content, quiz creation guides, and fun videos on Sporcle TV.

Show Comments

Extras

Top Quizzes Today


Score Distribution

Your Account Isn't Verified!

In order to create a playlist on Sporcle, you need to verify the email address you used during registration. Go to your Sporcle Settings to finish the process.

Report this User

Report this user for behavior that violates our Community Guidelines.

Details: